000 00479nam a22001577a 4500
005 20251108170904.0
008 250721s1997 xx 000 0 ara d
082 1 4 _a730/راف
100 1 _aالناصري، رافع
245 1 0 _aفن الغرافيك المعاصر /
264 1 _aبيروت :
_bالمؤسسة العربية للدراسات و النشر،
_c1997.
300 _a115ص
650 1 7 _aالفنون التشكيلية
942 _2ddc
_cBK
999 _c51412
_d51412